| 000 | 00582nam a2200193Ia 4500 | ||
|---|---|---|---|
| 003 | GCL | ||
| 008 | 140319s9999 xx 000 0 ara d | ||
| 040 |
_aGCL / _cGCL |
||
| 082 | 0 | 4 |
_a243 _bم ا |
| 100 | 1 | _aمجدى محمد الشهاوى | |
| 245 | 1 | 0 |
_aاهوال القيامه / _cمجدى محمد الشهاوى |
| 260 |
_a[S.N] : _bمكتبة الايمان للطبع والنشر والتوزيع ، _c1992 |
||
| 300 | _a69 ص | ||
| 490 | _a | ||
| 650 | 0 | 4 | _aالثواب والعقاب |
| 650 | 0 | 4 | _aيوم القيامة |
| 650 | 0 | 4 | _aالبعث |
| 942 |
_2ddc _cBK |
||
| 999 |
_c55213 _d55213 |
||